01312nab a22002297a 4500003000400000005001700004008004100021040000700062100002600069245012700095260007300222300001500295500002700310505038600337505008200723650001800805650003400823650002800857650001700885700003100902773014900933OSt20251215154313.0190429b xxu||||| |||| 00| 0 spa d cPJ aGorra, Daniel Gustavo13aConsideraciones sobre la constitucionalidad del art. 56 bis de la Ley de Ejecución de Penas Privativas de la Libertad / cCiudad Autónoma de Buenos Aires :aThomson Reuters La Ley, b2025. ap. 215-234 aCita: AR/DOC/174/2025. aSumario: I. Introducción. Planteo del problema.— II. La modificación del art. 56 bis.— III. Antecedentes de la reforma.— IV. Tensiones. Reinserción vs. peligrosidad.— V. Jurisprudencia. Antes de la reforma del año 2017.— VI. Jurisprudencia. Tras la reforma del año 2017.— VII. Conclusiones.— VIII. Referencias bibliográficas.— IX. Jurisprudencia citada. tSi te interesa el texto completo, solicitalo a koha@justierradelfuego.gov.ar  0aDERECHO PENAL 0aPENA PRIVATIVA DE LA LIBERTAD 0aCUMPLIMIENTO DE LA PENA 0aADOLESCENTES aHerrera, Diego H.ecoautor0 02658tRevista de derecho penal y criminología. Nº 2 - Marzo 2025dCiudad Autónoma de Buenos Aires : Thomson Reuters La Ley, 2017-x00347914